| 000 | 02034nam a22003137a 4500 | ||
|---|---|---|---|
| 001 | 4631 | ||
| 003 | FISKH | ||
| 005 | 20240918124136.0 | ||
| 008 | 240918b cb ||||| |||| 00| 0 eng d | ||
| 020 | _a9789996389207 | ||
| 040 |
_aFISKH _bBilingual _cFISKH _dFISKH |
||
| 050 | _aPZ7 | ||
| 082 | _a800 | ||
| 100 |
_aAnonymous _eauthor |
||
| 245 |
_aស្រមោចនិងកណ្តូប/ _cBy Anonymous |
||
| 250 | _aបោះពុម្ពឆ្នាំ២០១៥ | ||
| 260 |
_aភ្នំពេញ : _bអផ្សុក ; _c២០១៥ . |
||
| 300 |
_a12 pages : _bcolor illustrations ; _c22 cm . |
||
| 490 | _aនិទានអប់រំសម្រាប់កុមារ | ||
| 505 | _aH | ||
| 520 | _aនារដូវក្តៅមួយមានកណ្តូបកម្ជិលមួយកំពុងច្រៀងលេងនៅវាលស្មៅ ។នៅជិតនោះមានស្រមោចមួយហ្វូងកំពុងជញ្ជូនស្បៀងអាហារ ។ រដូវរងារបានចូលមកដល់កណ្តូបគ្មានចំណីអាហារទើបវាទៅរកស្រមោចតែស្រមោចមិនចែកអាហារអោយទៅកណ្តូបទេ ។ចាប់ពីពេលនោះមកសំលេងច្រៀងរបស់កណ្តូបក៏លែងមានទៀតដែរ ។ | ||
| 520 | _aOne summer, a lazy grasshopper was singing in the meadow, and a group of ants was delivering food. Winter came and the grasshopper had no food, so they went to look for the ants, but the ants did not distribute the food to the grasshopper. Later on, the grasshopper's singing was gone. | ||
| 521 | 8 |
_a430
_bLexile estimate |
|
| 521 | 8 |
_aH
_bRaz-Plus |
|
| 650 |
_aស្រមោចក្រហម _vរឿងនិទានកុមារ |
||
| 650 |
_ared ants _vchildren's stories |
||
| 942 |
_2ddc _cKHB _n0 |
||
| 999 |
_c4631 _d4631 |
||